000 nam a22 7a 4500
999 _c9251
_d9251
008 180125b ||||| |||| 00| 0 eng d
100 _aTyagi N
_95510
245 _aPain and Its Management
260 _aNew Delhi
_bNPT
_c2006